000
00309nam a22001457a 4500
008
230719b ||||| |||| 00| 0 eng d
020
_a
9780393027058
041
_a
eng
080
_a
573
082
_a
573GOU
100
_a
16
101
_a
BIOGJ
245
_a
WONDERFULL LIFE
_c
GOULD J S
942
_2
udc
_c
BK
999
_c
60180
_d
60180